Informe anual sobre el estado del medio ambiente y los recursos naturales renovables en Colombia : (Registro nro. 6729)

Detalles MARC
000 -CABECERA
Campo de control 01099nam a2200265 a 4500
005 - FECHA Y HORA DE LA ULTIMA TRANSACCION
Campo de control 20151215095138.0
008 - ELEMENTOS DE LONGITUD FIJA—INFORMACION GENERAL
Campo de control 110620s2008 ck gr 00010 spa d
020 ## - ISBN
ISBN 9789588067247
040 ## - FUENTE DE CATALOGACIÓN
Agencia catalogadora original CO-BoBLA
Agencia transcriptora CO-BoBLA
041 0# - IDIOMA
Código de idioma para texto/pista de sonido o título separado Español
044 ## - PAÍS DE PUBLICACIÓN
País de publicación Colombia
082 04 - NUMERO DE CLASIFICACION DECIMAL DEWEY
Número de clasificación 333.91
Número del ítem C83i
100 1# - ASIENTO PRINCIPAL--NOMBRE PERSONAL
Nombre personal Costa Posada, C.
9 (RLIN) 44297
245 00 - MENCION DE TITULO
Título Informe anual sobre el estado del medio ambiente y los recursos naturales renovables en Colombia :
Parte restante del título estudio nacional del agua, relaciones de demanda de agua y oferta hídrica /
Mención de responsabilidad C. Costa Posada ... [et al.].
260 ## - PUBLICACION, DISTRIBUCION, ETC. (PIE DE IMPRENTA)
Lugar de publicación, distribución, etc. Bogotá :
Nombre del editor, distribuidor, etc. Ideam :
-- Ministerio de Ambiente, Vivienda y Desarrollo Territorial,
Fecha de publicación, distribución, etc. 2008.
300 ## - DESCRIPCION FISICA
Extensión 160 páginas ;
Dimensiones 28 x 21 cm.
Material acompañante 1 CD-ROM
504 ## - NOTA DE BIBLIOGRAFIA, ETC.
Nota de bibliografía Incluye bibliografías.
650 #4 - ASIENTO SECUNDARIO DE MATERIA - TERMINO TEMATICO
Término temático o nombre geográfico como elemento de entrada Medio ambiente
Subdivisión geográfica Colombia
Subdivisión de forma Informes.
9 (RLIN) 44308
650 #4 - ASIENTO SECUNDARIO DE MATERIA - TERMINO TEMATICO
Término temático o nombre geográfico como elemento de entrada Recursos hídricos
Subdivisión geográfica Colombia
Subdivisión de forma Informes.
9 (RLIN) 44309
650 #4 - ASIENTO SECUNDARIO DE MATERIA - TERMINO TEMATICO
Término temático o nombre geográfico como elemento de entrada Abastecimiento de agua
Subdivisión geográfica Colombia
Subdivisión de forma Informes.
9 (RLIN) 44310
700 1# - ASIENTO SECUNDARIO - NOMBRE PERSONAL
Nombre personal Vanegas Sarmiento, R.
9 (RLIN) 44301
700 1# - ASIENTO SECUNDARIO - NOMBRE PERSONAL
Nombre personal Domínguez Calle, E.
9 (RLIN) 44302
700 1# - ASIENTO SECUNDARIO - NOMBRE PERSONAL
Nombre personal Rivera, Hebert Gonzalo
Fechas asociadas con el nombre 1970-
9 (RLIN) 44311
942 ## - ELEMENTOS ADICIONALES (KOHA)
Sistema de clasificación Dewey Decimal Classification
Tipo de ítem Libro
Existencias
Withdrawn status Lost status Sistema de Clasificación Damaged status No para préstamo Colección Inventariado Ubicación Permanente Ubicación actual Fecha de adquisición Fuente de Valor Valor Total Checkouts Número topográfico Inventario / Código de Barras Date last seen Ejemplar Price effective from Forma de adquisición Tipo de material Public note
    Dewey Decimal Classification     General Inventariado 2017 Bogotá Bogotá 15/12/2008 Instituto 39000.00   LB-333.91 C83i 026642 04/12/2012 Ej.1 04/12/2012   Libro Incluye CD-ROM con libro digital (CID-026641).